Quizzes
Events
Quiz Creation
Community
Videos
Private Events
Remove Ads
Sign In
Join for FREE
Feedback
Dark Mode
Quiz Categories
Sports
Geography
Music
Movies
Television
Just For Fun
Miscellaneous
History
Literature
Language
Science
Gaming
Entertainment
Religion
Holiday
For Kids
Quiz Lab
Recent
Popular Today
Quiz Kudos Today
Editor Picks
Curator Picks
Quizzes by...
Day
Popularity
Type
Ratings
Length
Year
Community
Subscriptions
Recent Discussions
Orange Saloon
Badges
Playlists
Quests
Create
Leaderboards
Showdown
Live 5
Trivia Bingo
Activity
Puzzle Library
Sporcle Events
Private Events
Virtual Trivia
Globe League
Become a Host
Pub Owners
SporcleCon
Opinionation
Our Games
Videos
Blog
Mobile Apps
Partnerships
Remove Ads and Go Orange
Feedback
Miscellaneous
Crossword
General Knowledge
Baby Names
Logo
Food
Cars
Numbers
Grab Bag
University
College
Popular
Company
Slogans
Restaurants
Justice
Letter
Miscellaneous
Crossword
General Knowledge
Baby Names
Logo
Food
Cars
Numbers
Grab Bag
University
College
Popular
Company
Slogans
Restaurants
Justice
Letter
Random Quiz
Search Sporcle
×
Quiz Lab
Quiz Lab
Miscellaneous
Midterm
Type in answers that appear in a list
Type in answers that appear in a list
Classic
Best Score? Go Orange.
CCJS Midterm Stats
Can you name the Supreme Court Case?
By
randomalibi
15m
42 Questions
14 Plays
14 Plays
14 Plays
Comments
Comments
Give Quiz Kudos
Give Quiz Kudos
-
- Ratings
hide this ad
Random Order
Randomize order of answers
Randomize order of answers
Replay
Link that replays current quiz
Next Quiz
Link to next quiz in quiz playlist
You Got
0%
They Got
Avg Score
44%
Avg Friend Score
Upgrade to see
Score Distribution
Jump to the score distribution portion of the page
Score
0/42
Timer
15:00
0
Plays Today
Holding
Case
% Correct
Incorporated exclusionary rule
Mapp v. Ohio
64.3%
Police may search a vehicle incident to arrest only if the arrestee is within reaching distance of the area searched or it is reasonable to believe the vehicle contains evidence of
Arizona v. Gant
64.3%
Warrantless “stop and frisk” is reasonable if an officer has reason to believe the suspect is armed and dangerous
Terry v. Ohio
64.3%
Thermal imaging of a home constitutes a search under the fourth amendment and requires a warrant
Kyllo v. United States
57.1%
Permits probable cause searches of a vehicle, under Carroll, even if the vehicle is a motor home
California v. Carney
57.1%
Explicit selective incorporation of the bill of rights. Jury trial = “Fundamental to the american scheme of justice.”
Duncan v. Louisiana
57.1%
Due process clause imposes limitations on states power to take away protected entitlements, and refusal to grant post-
conviction entitlements does not violate the 14th amendment.
District Attorney's Office v. Osborne
57.1%
Applied Exclusionary Rule in Federal Cases
Weeks v. United States
50%
First Exclusionary Rule Incorporation Case; did not apply rule to states
Wolf v. Colorado
50%
Suppression is not an automatic consequence of a Fourth Amendment Violation. A clerical error by one police department does not mean the actions of another police department warran
Herring v. United States
50%
Exclusionary rule does not apply for Knock and Announce violations
Hudson v. Michigan
50%
Constitution protects people not places. Warrantless wiretaps violate a person’s right to privacy and thus constitute an illegal search and seizure
Katz v. United States
50%
Validity of a warrant must be judged based on the information available when it was issued. Execution of a warrant that turns out to be overly-
broad after the fact is not a violati
Maryland v. Garrison
50%
Knock and Announce rule must be enforced on a case by case basis Exceptions for “reasonable suspicion” that K&A would be “dangerous or futile” or “inhibit effective inves
Richards v. Wisconsin
50%
Because an arrest based on probable cause is constitutional, a search incident to the arrest is categorically reasonable (constitutional) under the 4th amendment.
United States v. Robinson
50%
Police with probable cause may make arrests for all crimes and offenses, even the most minor ones.
Atwater v. City of Lago Vista
50%
Officers may not search a house incident to an in-
premises arrest based on an arrest warrant without a search warrant.
Chimel v. California
50%
Police with probable cause to search a car may search passengers belongings found in the car that are capable of concealing the object of the search
Wyoming v. Houghton
50%
A warrantless inventory search of a lawfully seized vehicle is reasonable
Colorado v. Bertine
50%
Police can not initiate a “Terry Stop” based solely on the information provided by an anonymous informant.
Florida v. J.L.
50%
While officers may approach someone based on suspicion justified under Terry they may not detain and search someone without a warrant.
Florida v. Royer
50%
Holding
Case
% Correct
When randomly stopping and questioning bus passengers, police are not required to advise the person of their right to not cooperate
United States v. Drayton
50%
Police may conduct suspicionless, warrantless “regulatory searches” of parolees pursuant to a parole agreement
Samson v. California
50%
Consent to search a home from one resident does not outweigh the objection to the search by a co-
tennant
Georgia v. Randolph
50%
Established “Good Faith” exception to the Exclusionary Rule
United States v. Leon
42.9%
Trash that has been discarded outside a house is not protected by the fourth amendment because you have no reasonable expectation of privacy
California v. Greenwood
42.9%
Observing some one's backyard from a plane or helicpoter does not violate the fourth amendment because their expectation of privacy is not reasonable
Florida v. Riley
42.9%
Conversations recorded by a police agent wearing a wire are not protected by the fourth amendment
United States v. White
42.9%
Warrants may be executed against news organizations without violating the fourth amendment or the freedom of the press. Warrants may be executed even when the property owner is not
Zurcher v. Stanford Daily
42.9%
Established “Totality of Circumstances Analysis” for probable cause determinations
Illinois v. Gates
42.9%
Being in the same car as evidence of a felony is sufficient probable cause for arrest
Maryland v. Pringle
42.9%
An arrest warrant is not required when officers have probable cause.
United States v. Watson
42.9%
A reasonable seizure pursuant to a violation is still constitutional even if the officer has ulterior motives or deviates from standard procedure
Whren v. United States
42.9%
A reasonable arrest where the officer uses deadly force unjustifiably is not reasonable under the fourth amendment. An otherwise reasonable seizure may be unreasonable if it is car
Tennesse v. Garner
42.9%
Warrant requirement for in-
premises arrest. Same requirements as home search apply to seizure
Payton v. New York
42.9%
Motor Vehicle Exception for warrantless searches
Carroll v. United states
42.9%
Police may conduct a Terry stop when a suspect flees police unprovoked
Illinois v. Wardlow
42.9%
When a vehicle is stopped at a traffic stop, the passengers are seized for the purposes of the Fourth Amendment
Brendlin v. California
42.9%
A prolonged seizure goes beyond the narrow authority possessed by police to briefly detain luggage reasonably suspected to contain drugs
United States v. Place
42.9%
Police must demonstrate the voluntariness of a consent search, but are not required to demonstrate that the subject is aware of his right to refuse
Schnekloth v. Bustamonte
42.9%
Prior case law dictating the retroactive applicability of supreme court decisions does not constrain the ability of states to give broader effect to rules than is required by prece
Danforth v. Minnesota
42.9%
Police may search a container within an automobile without a warrant if the search is justified by probable cause
California v. Acevedo
35.7%
Quiz Playlist
Details
Report
Send in Message
Add To Playlist
Classic:
Type in answers that appear in a list
Random Order:
Randomize order of answers
Last Updated: Feb 16, 2017
Quiz Scoreboard
CHALLENGE
Sign Up to Join the Scoreboard
Show All
Scores
Hide
Comments
May contain spoilers
Recently Published
NBA Finals Game Top Scorers (2010s)
by flibbidy
Sports
5m
Guess the 'R' Things in 3 Words
by MSUKent
Miscellaneous
3m
Actor to Badly Drawn Movie III
by MoMosMoProblems
Movies
5m
More to Explore
Quiz From the Vault
Featured Blog Post
Where Does Lost Luggage Go?
hide this ad
You Might Also Like...
Tags
case
court
Holding
Midterm
supreme
Supreme Court
Today's Top Quizzes in Miscellaneous
Browse Miscellaneous
hide this ad
Top Contributed Quizzes in Miscellaneous
1
The JOE quick-fire general knowledge quiz: Day 166
2
The JOE quick-fire general knowledge quiz: Day 165
3
Guess the 'S' Things in 3 Words
4
Guess the 'T' Things in 3 Words
5
Guess the 'V' Things in 3 Words
6
Guess the 'W' Things in 3 Words
7
Guess the 'Y' Things in 3 Words
8
Sporcle Acrostic Puzzle XXXV
9
The JOE quick-fire general knowledge quiz: Day 164
10
Sunday Crossword: Under the Bridge
Explore More
Trending Topics
Anime
Harry Potter
Disney
Marvel
Kpop
Crossword
NBA
Song
NFL
Country
Pokémon
The Office
Puzzle
Soccer
WWE
hide this ad
More By:
randomalibi
Quiz
Plays
Rating
Category
Featured
Created
CCJS Midterm
14
Miscellaneous
Oct 21, 2011
Go to Creator's Profile
Score Distribution
Quiz Creator Spotlight
randomalibi
Follow
Send a Message
Quizzes Created
-
Created Quiz Play Count
-
More By This Creator
Popular Quizzes Today
1
Find the US States - No Outlines Minefield
2
Find the US States
3
The Countries of the World
4
10 Largest US States in Order
5
Find the Countries of Europe - No Outlines Minefield
6
US States
7
Guess the 'R' Things in 3 Words
8
NBA Finals Game Top Scorers (2010s)
More Miscellaneous Quizzes
Sunday Crossword: A Cushy Solve
Published
Trending Quizzes
First Name TV: Leading Men
Match the Book to the Film II
First Name TV: Leading Women Drama
3-Word Movies in 1 Word II
Match the Book to the Film VI
Recently Updated
Women's Final Four Teams by Year
bhenderson79
Presidents Quartet II
eogle
Anything But Clue(do)
eogle
Anything But Oceanian Capitals
eogle
Anything But 7
eogle
Anything But Thing
eogle
Word Ladder: February 29
pecheneg
Song Title Questions
pecheneg
Women's NCAA Tournament #1 Seeds
pecheneg
Celebrity Mug Shots
pecheneg
Trending Topics
Disney
NBA
Harry Potter
Anime
Kpop
Crossword
Marvel
Soccer
Puzzle
WWE
The Office
Country
Pokémon
NFL
Song
Your Account Isn't Verified!
In order to create a playlist on Sporcle, you need to verify the email address you used during registration. Go to your
Sporcle Settings
to finish the process.
Report this User
Report this user for behavior that violates our
Community Guidelines
.
Details:
Send Report
Go to the Sporcle.com Mobile Site →
Comments